| 000 | 00835cab a22002055a 4500 | ||
|---|---|---|---|
| 001 | L152479 | ||
| 008 | 110314e20110311xxk f 000 0 eng d | ||
| 035 | _a(Sirsi) u152479 | ||
| 041 | 0 | _aeng | |
| 100 | 1 | _aGardiner, Joey | |
| 245 | 0 | 0 | _aWho wants to be in social housing? |
| 260 | _c2011 | ||
| 490 |
_aBuilding _v276 (8669) 11 March 2011, 20-21(2) |
||
| 520 | _aOverview of the big players in the social housing market; table of the top six companies showing their social housing turnover (£m), social housing staff, planned maintenance (%) and responsive maintenance (%); social housing contracting. | ||
| 590 | _aKA | ||
| 651 | 4 |
_aUnited Kingdom _y |
|
| 690 | _aPROPERTY-RESIDENTIAL PROPERTY-RESIDENTIAL PROPERTY DEVELOPMENT | ||
| 690 | _aPROPERTY-RESIDENTIAL PROPERTY-DOMESTIC RESIDENTIAL PROPERTY-HOUSING | ||
| 942 | _n0 | ||
| 999 |
_c82980 _d82980 |
||